000 00675nam a22001817a 4500
005 20231211125329.0
008 120209t mx ||||| |||| 00| 0 spa d
020 _a9786074241921
050 0 4 _aKGF3182
_bO45 2011
100 1 _aOlivos Campos, José René
245 1 0 _aDerecho municipal
_c / José René Olivos Campos.
250 _a1a ed.
260 _aMorelia, México :
_bUniversidad Michoacana de San Nicólas de Hidalgo, Facultad de Derecho y Ciencias Sociales, División de Estudios de Posgrado,
_c2011
300 _axii, 191 p. ;
_c21 cm.
504 _aIncluye bibliografía : p. 179-188 e índice
650 7 _2lemb
_aDerecho municipal
_zMéxico
942 _2lcc
_cLIB
999 _c28914
_d28914